London Underground Lines - Statistics

General Stats
  • This quiz has been taken 8,454 times
  • The average score is 9 of 11
Answer Stats
Line % Correct
Circle
91%
Northern
89%
Bakerloo
88%
Central
88%
Victoria
86%
Jubilee
85%
District
83%
Piccadilly
83%
Hammersmith & City
75%
Metropolitan
71%
Waterloo & City
57%
No matching quizzes found
Score Distribution
Percent of People with Each Score
Percentile by Number Answered
Your Score History
You have not taken this quiz